Možnosti využitia fondov Európskej únie v podmienkach SR

Na minha lista:
Detalhes bibliográficos
Autor principal: Molnár, Ferdinand
Formato: Software Livro
Idioma:eslovaco
Publicado em: Bratislava STU FCHPT 2008
Acesso em linha:View in OPAC
Tags: Adicionar Tag
Sem tags, seja o primeiro a adicionar uma tag!

MARC

LEADER 00000nam a2200000 a 4500
005 20260127133941.0
007 co ugu
008 080917 2008 xo 000 0 slo d
035 |a vtls009334896 
039 9 |y 200809171027  |z mschk03 
040 |a STUSCHK1  |b slo  |c STUSCHK1  |e AACR2 
100 1 |a Molnár, Ferdinand 
245 1 |a Možnosti využitia fondov Európskej únie v podmienkach SR 
260 |a Bratislava  |b STU FCHPT  |c 2008 
500 |a Obháj.: 12.9. 2008 
500 |a Zameranie: manažérstvo chemických a potravinárskych technológií 
500 |a Kombinácia študijných odborov: 5.2.52 priemyselné inžinierstvo, 5.2.18 chemické technológie 
910 |a SCHK95 
999 |c 719  |d 719